000 00374nam a22001457a 4500
003 MACL
005 20200710160050.0
008 200710b xxu||||| |||| 00| 0 eng d
040 _cMACL
100 _aGupta, Anita
_967985
245 _aThe Greatest Adventures in The World
260 _aDelhi
_bNav Prabhat Sahitya
_c2019
650 _aBiography
_978921
942 _2ddc
_cBK
999 _c62606
_d62606